Modern construction management / (Record no. 3519)
[ view plain ]
| 000 -LEADER | |
|---|---|
| fixed length control field | 02278cam a22002058i 4500 |
| 008 - FIXED-LENGTH DATA ELEMENTS--GENERAL INFORMATION | |
| fixed length control field | 200526s2021 nju b 001 0 eng |
| 020 ## - INTERNATIONAL STANDARD BOOK NUMBER | |
| ISBN | 9781119488347 |
| 100 1# - MAIN ENTRY--AUTHOR | |
| Author | Harris, Frank, |
| 245 10 - TITLE STATEMENT | |
| Title | Modern construction management / |
| Statement of responsibility, etc | Frank Harris, former Emeritus Professor of Construction Science, University of Wolverhampton, United Kingdom; Ronald McCaffer, Emeritus Professor of Construction Management, Loughborough University, United Kingdom; Andrew Baldwin, Emeritus Professor of Construction Management, Loughborough University, United Kingdom; Distinguished Visiting Professor and Co-Director of the National Centre for International Research of Low Carbon and Green Buildings, Chongqing University, China; Francis Edum-Fotwe, Lecturer in Construction Management, Loughborough University, United Kingdom. |
| 250 ## - EDITION STATEMENT | |
| Edition statement | Eighth edition. |
| 300 ## - COLLATION | |
| Pagination | xv,, 588P. |
| 520 ## - SUMMARY, ETC. | |
| Summary, etc | "This book is intended for students and graduates of civil engineering, construction management, building and quantity surveying who wish to extend their knowledge and obtain a better understanding of site, business and the corporate management of construction companies. Since its first edition Modern Construction Management has successfully provided a background to how construction companies operate, the management techniques involved, their decision-making and how these decisions are successfully implemented. Over the decades since the first edition the structure of the industry, the techniques adopted and the processes have changed. Whilst the parties to a construction project have remained the same their responsibilities have changed. New materials, technologies and processes have been introduced. However the young construction manager still needs to be a competent technologist to successfully complete construction work as well as possessing the skills of knowledge of management and an understanding of business processes.. This is the basis of career enhancement to executive and board level. This remains the aim of Modern Construction Management"-- |
| 650 #0 - TRACINGS | |
| Main Subject | Construction industry |
| Subdivision (2nd) | Management. |
| 700 1# - ADDITIONAL AUTHOR | |
| Additional Author | McCaffer, Ronald, |
| 700 1# - ADDITIONAL AUTHOR | |
| Additional Author | Baldwin, Andrew, |
| 700 1# - ADDITIONAL AUTHOR | |
| Additional Author | Edum-Fotwe, Francis, |
| 942 ## - ADDED ENTRY ELEMENTS (KOHA) | |
| Item type | Books |
| 050 00 - LIBRARY OF CONGRESS CALL NUMBER | |
| Classification number | HD9715.A2 |
| Item number | .H37 2021 |
| 082 00 - DEWEY DECIMAL CLASSIFICATION NUMBER | |
| Classification number | 624.068 |
| Source of classification or shelving scheme | Not for loan | Permanent location | Current location | Date acquired | Accession No. | Full call number | Barcode. | Koha item type |
|---|---|---|---|---|---|---|---|---|
| Library of Congress Classification | Samuel Ogbemudia Main Library, University of Abuja | Samuel Ogbemudia Main Library, University of Abuja | 05/15/2025 | 2024/64351 | HD9715.A2.H37 | 2025-1992 | Books |